Statystyki dla Powiaty w Polsce

Kliknij tutaj aby rozwiązać quiz!

Ogólne statystyki

  • Ten quiz został rozwiązany 1 124 razy
  • Średni wynik to 188 z 380

Statystyki odpowiedzi

WojewództwoPowiat% Poprawnych
LubelskieOpolski
85%
PomorskieMGdańsk
84%
PomorskieGdański
84%
MazowieckieMWarszawa
83%
LubelskieLubelski
82%
PomorskieMGdynia
81%
MałopolskieMKraków
81%
MałopolskieKrakowski
81%
ZachodniopomorskieMSzczecin
81%
DolnośląskieMWrocław
81%
DolnośląskieWrocławski
81%
Kujawsko - pomorskieBydgoski
80%
OpolskieOpolski
80%
PodlaskieBiałostocki
79%
ŚląskieMKatowice
79%
ŁódzkieMŁódź
79%
ŁódzkieŁódzki wschodni
79%
LubelskieMLublin
79%
Kujawsko - pomorskieMToruń
79%
Kujawsko - pomorskieToruński
79%
Kujawsko - pomorskieMBydgoszcz
78%
PodlaskieMBiałystok
76%
WielkopolskieMPoznań
76%
WielkopolskiePoznański
76%
MazowieckieMRadom
76%
MazowieckieRadomski
76%
PomorskieMSopot
76%
LubuskieZielonogórski
76%
OpolskieMOpole
75%
PodkarpackieMRzeszów
75%
PodkarpackieRzeszowski
75%
LubuskieMZielona Góra
75%
PodlaskieBielski
74%
ŚląskieCzęstochowski
74%
LubuskieGorzowski
74%
ŚwiętokrzyskieKielecki
74%
Warmińsko - mazurskieMOlsztyn
74%
Warmińsko - mazurskieOlsztyński
74%
ŚląskieMCzęstochowa
73%
Warmińsko - mazurskieElbląski
73%
ŚwiętokrzyskieMKielce
72%
Warmińsko - mazurskieMElbląg
71%
LubuskieMGorzów Wielkopolski
71%
MałopolskieMTarnów
70%
MałopolskieTarnowski
70%
MałopolskieTatrzański
70%
ŚląskieMBielsko - Biała
69%
WielkopolskieKolski
69%
ZachodniopomorskieMKoszalin
69%
ZachodniopomorskieKoszaliński
69%
Warmińsko - mazurskieEłcki
68%
ŚląskieGliwicki
68%
PodlaskieAugustowski
67%
ŚląskieMGliwice
67%
MazowieckieMPłock
67%
MazowieckiePłocki
67%
PodlaskieSuwalski
67%
ŁódzkieŁaski
66%
MałopolskieNowosądecki
66%
ŚląskieMSosnowiec
66%
ŚląskieMZabrze
66%
ŚląskieMBytom
65%
LubelskieMChełm
65%
LubelskieChełmski
65%
WielkopolskieKaliski
65%
PodlaskieMSuwałki
65%
LubelskieZamojski
65%
WielkopolskieMKalisz
64%
WielkopolskieMKonin
64%
WielkopolskieKoniński
64%
DolnośląskieLubiński
64%
MałopolskieMNowy Sącz
64%
LubelskieMZamość
64%
ŚląskieMChorzów
63%
DolnośląskieJeleniogórski
63%
DolnośląskieLegnicki
63%
PodkarpackiePrzemyski
63%
DolnośląskieWałbrzyski
63%
Kujawsko - pomorskieWłocławski
63%
ŁódzkieBełchatowski
62%
LubelskieBialski
62%
DolnośląskieMJelenia Góra
62%
DolnośląskieMLegnica
62%
WielkopolskiePilski
62%
ŁódzkiePiotrkowski
62%
PodkarpackieMPrzemyśl
62%
ŚwiętokrzyskieSandomierski
62%
DolnośląskieMWałbrzych
62%
LubelskieMBiała Podlaska
61%
OpolskieBrzeski
61%
Kujawsko - pomorskieInowrocławski
61%
PomorskieMSłupsk
61%
PomorskieSłupski
61%
ZachodniopomorskieMŚwinoujście
61%
Kujawsko - pomorskieMWłocławek
61%
Kujawsko - pomorskieMGrudziądz
60%
Kujawsko - pomorskieGrudziądzki
60%
ŚląskieMTychy
60%
ZachodniopomorskieKołobrzeski
59%
PodkarpackieKrośnieński
59%
PodkarpackieMKrosno
59%
MałopolskieNowotarski
59%
ŁódzkieMPiotrków Trybunalski
59%
PodkarpackieTarnobrzeski
59%
PodlaskieŁomżyński
58%
ŚląskieRybnicki
58%
ŚląskieMRybnik
58%
PodkarpackieMTarnobrzeg
58%
WielkopolskieGnieźnieński
57%
WielkopolskieLeszczyński
57%
WielkopolskieMLeszno
57%
PodlaskieMŁomża
57%
MazowieckieSiedlecki
57%
PomorskieMalborski
56%
MazowieckieMSiedlce
56%
ŚląskieMDąbrowa Górnicza
55%
Warmińsko - mazurskieIławski
55%
MazowieckieMiński
55%
MałopolskieOświęcimski
55%
DolnośląskieKłodzki
54%
MazowieckiePruszkowski
54%
ZachodniopomorskieStargardzki
54%
ŚląskieBielski
53%
PomorskieChojnicki
53%
ŚląskieCieszyński
53%
DolnośląskieJaworski
53%
OpolskieNyski
53%
MazowieckieOstrołęcki
53%
ŁódzkieSkierniewicki
53%
PomorskieWejherowski
53%
ŚląskieŻywiecki
53%
Kujawsko - pomorskieAleksandrowski
52%
OpolskieKędzierzyńsko - Kozielski
52%
PodkarpackieMielecki
52%
MazowieckieMOstrołęka
52%
LubelskiePuławski
52%
PodkarpackieSanocki
52%
ŁódzkieMSkierniewice
52%
ŁódzkieTomaszowski
52%
ŚląskieMŻory
52%
MazowieckieCiechanowski
51%
DolnośląskieGłogowski
51%
ŚląskieMJastrzębie - Zdrój
51%
WielkopolskieOstrowski
51%
ŚląskieMRuda Śląska
51%
ŚląskieBędziński
50%
Warmińsko - mazurskieGiżycki
50%
PodkarpackieJarosławski
50%
MazowieckieLegionowski
50%
ŁódzkieŁowicki
50%
ŚwiętokrzyskieOstrowiecki
50%
PomorskiePucki
50%
ŁódzkieSieradzki
50%
PomorskieTczewski
50%
MałopolskieWielicki
50%
ŁódzkieZgierski
50%
DolnośląskieZgorzelecki
50%
PodkarpackieBieszczadzki
49%
MałopolskieBocheński
49%
MałopolskieBrzeski
49%
PodkarpackieDębicki
49%
ŚląskieMMysłowice
49%
ŁódzkiePabianicki
49%
ZachodniopomorskiePolicki
49%
LubuskieŻarski
49%
DolnośląskieBolesławiecki
48%
MazowieckieGrodziski
48%
PodlaskieHajnowski
48%
PodkarpackieJasielski
48%
ŚląskieMJaworzno
48%
ŁódzkieKutnowski
48%
ŚwiętokrzyskieSkarżyski
48%
PodkarpackieStalowowolski
48%
DolnośląskieŚwidnicki
48%
ZachodniopomorskieSzczecinecki
48%
MazowieckieŻyrardowski
48%
ŚwiętokrzyskieBuski
47%
PomorskieBytowski
47%
LubelskieHrubieszowski
47%
MazowieckieNowodworski
47%
Warmińsko - mazurskieOstródzki
47%
ŁódzkieRadomszczański
47%
ŚląskieTarnogórski
47%
MałopolskieWadowicki
47%
Kujawsko - pomorskieChełmiński
46%
MazowieckieMławski
46%
MałopolskieOlkuski
46%
WielkopolskieTurecki
46%
Warmińsko - mazurskieBartoszycki
45%
LubelskieBiłgorajski
45%
MazowieckieGrójecki
45%
OpolskieKluczborski
45%
Warmińsko - mazurskieMrągowski
45%
LubuskieNowosolski
45%
DolnośląskieOleśnicki
45%
ŁódzkieOpoczyński
45%
MazowieckiePiaseczyński
45%
ŚwiętokrzyskieStarachowicki
45%
PomorskieStarogardzki
45%
LubelskieŚwidnicki
45%
LubelskieTomaszowski
45%
ŁódzkieWieluński
45%
Warmińsko - mazurskieKętrzyński
44%
PomorskieLęborski
44%
PodkarpackieLeski
44%
DolnośląskieOławski
44%
ŚląskieRaciborski
44%
ŁódzkieRawski
44%
WielkopolskieŚredzki
44%
LubuskieŚwiebodziński
44%
MazowieckieWołomiński
44%
LubuskieŻagański
44%
MałopolskieChrzanowski
43%
WielkopolskieGrodziski
43%
ŚwiętokrzyskieKonecki
43%
LubelskieLubartowski
43%
MałopolskieMyślenicki
43%
ŚwiętokrzyskieOpatowski
43%
MazowieckieOtwocki
43%
ŚląskieMŚwiętochłowice
43%
ZachodniopomorskieWałecki
43%
ŚląskieZawierciański
43%
ZachodniopomorskieBiałogardzki
42%
Warmińsko - mazurskieBraniewski
42%
PodlaskieGrajewski
42%
ZachodniopomorskieGryficki
42%
ZachodniopomorskieGryfiński
42%
LubelskieKraśnicki
42%
MazowieckieOstrowski
42%
ŚląskiePszczyński
42%
MazowieckieSochaczewski
42%
ŚląskieWodzisławski
42%
PodlaskieZambrowski
42%
PomorskieCzłuchowski
41%
DolnośląskieDzierżoniowski
41%
MazowieckieGarwoliński
41%
MałopolskieGorlicki
41%
WielkopolskieGostyński
41%
WielkopolskieJarociński
41%
ŚwiętokrzyskieJędrzejowski
41%
ZachodniopomorskieKamieński
41%
PomorskieKartuski
41%
ŁódzkieŁęczycki
41%
LubelskieŁęczyński
41%
MałopolskieLimanowski
41%
LubuskieMiędzyrzecki
41%
OpolskieNamysłowski
41%
PomorskieNowodworski
41%
WielkopolskieNowotomyski
41%
DolnośląskiePolkowicki
41%
Kujawsko - pomorskieŻniński
41%
MazowieckieBiałobrzeski
40%
Kujawsko - pomorskieBrodnicki
40%
Warmińsko - mazurskieGołdapski
40%
DolnośląskieGórowski
40%
PomorskieKościerski
40%
PomorskieKwidzyński
40%
ŚląskieLubliniecki
40%
ŚląskieMyszkowski
40%
Warmińsko - mazurskieOlecki
40%
ŚląskieMPiekary Śląskie
40%
Warmińsko - mazurskiePiski
40%
MazowieckiePłoński
40%
MazowieckiePułtuski
40%
WielkopolskieRawicki
40%
ZachodniopomorskieDrawski
39%
ZachodniopomorskieGoleniowski
39%
LubelskieJanowski
39%
WielkopolskieKępiński
39%
LubelskieKrasnostawski
39%
LubelskieŁukowski
39%
Kujawsko - pomorskieNakielski
39%
PodlaskieSejneński
39%
ŚląskieMSiemianowice Śląskie
39%
LubuskieSłubicki
39%
WielkopolskieŚremski
39%
OpolskieStrzelecki
39%
Kujawsko - pomorskieŚwiecki
39%
Warmińsko - mazurskieSzczycieński
39%
Kujawsko - pomorskieTucholski
39%
WielkopolskieWrzesiński
39%
MazowieckieWyszkowski
39%
ŁódzkieZduńskowolski
39%
ŚląskieKłobucki
38%
WielkopolskieKrotoszyński
38%
PodkarpackieŁańcucki
38%
Warmińsko - mazurskieLidzbarski
38%
ŚląskieMikołowski
38%
OpolskiePrudnicki
38%
MazowieckieSierpecki
38%
MazowieckieWarszawski Zachodni
38%
ŚwiętokrzyskieWłoszczowski
38%
Warmińsko - mazurskieDziałdowski
37%
OpolskieGłubczycki
37%
Kujawsko - pomorskieGolubsko - Dobrzyński
37%
OpolskieKrapkowicki
37%
PodkarpackieLeżajski
37%
PodlaskieMoniecki
37%
Warmińsko - mazurskieNidzicki
37%
LubelskieRycki
37%
Kujawsko - pomorskieRypiński
37%
PodlaskieSiemiatycki
37%
DolnośląskieŚredzki
37%
MałopolskieSuski
37%
LubelskieWłodawski
37%
DolnośląskieZłotoryjski
37%
ŚląskieBieruńsko - Lędziński
36%
WielkopolskieChodzieski
36%
WielkopolskieCzarnkowsko - Trzcianecki
36%
MazowieckieGostyniński
36%
DolnośląskieKamiennogórski
36%
WielkopolskieKościański
36%
MazowieckieKozienicki
36%
ZachodniopomorskieMyśliborski
36%
PodkarpackieNiżański
36%
Warmińsko - mazurskieNowomiejski
36%
WielkopolskieObornicki
36%
OpolskieOleski
36%
MazowieckiePrzasnyski
36%
LubelskieRadzyński
36%
PodlaskieSokólski
36%
WielkopolskieWolsztyński
36%
WielkopolskieZłotowski
36%
ŁódzkieBrzeziński
35%
ŚwiętokrzyskieKazimierski
35%
PodkarpackieKolbuszowski
35%
MazowieckieLipski
35%
DolnośląskieLubański
35%
DolnośląskieMilicki
35%
WielkopolskieOstrzeszowski
35%
WielkopolskiePleszewski
35%
MazowieckieSokołowski
35%
WielkopolskieWągrowiecki
35%
Warmińsko - mazurskieWęgorzewski
35%
MałopolskieDąbrowski
34%
LubuskieKrośnieński
34%
Kujawsko - pomorskieLipnowski
34%
DolnośląskieLwówecki
34%
MazowieckieMakowski
34%
MałopolskieMiechowski
34%
WielkopolskieMiędzychodzki
34%
Kujawsko - pomorskieMogileński
34%
ŁódzkiePajęczański
34%
ZachodniopomorskieSławieński
34%
DolnośląskieTrzebnicki
34%
PodlaskieWysokomazowiecki
34%
DolnośląskieZąbkowicki
34%
MazowieckieŻuromiński
34%
MazowieckieZwoleński
34%
ZachodniopomorskieChoszczeński
33%
PodlaskieKolneński
33%
ZachodniopomorskieŁobeski
33%
LubelskieParczewski
33%
ŚwiętokrzyskiePińczowski
33%
PodkarpackiePrzeworski
33%
Kujawsko - pomorskieSępoleński
33%
WielkopolskieSłupecki
33%
DolnośląskieStrzeliński
33%
ZachodniopomorskieŚwidwiński
33%
PomorskieSztumski
33%
ŁódzkieWieruszowski
33%
MazowieckieŁosicki
32%
PodkarpackieLubaczowski
32%
ŁódzkiePoddębicki
32%
MazowieckiePrzysuski
32%
ZachodniopomorskiePyrzycki
32%
Kujawsko - pomorskieRadziejowski
32%
PodkarpackieRopczycko - Sędziszowski
32%
ŚwiętokrzyskieStaszowski
32%
WielkopolskieSzamotulski
32%
MazowieckieWęgrowski
32%
DolnośląskieWołowski
32%
LubuskieWschowski
32%
LubuskieStrzelecko - Drezdenecki
31%
Kujawsko - pomorskieWąbrzeski
31%
PodkarpackieBrzozowski
30%
MałopolskieProszowicki
30%
LubuskieSulęciński
30%
MazowieckieSzydłowiecki
29%
PodkarpackieStrzyżowski
27%

Rozkład punktacji

Percentyl według liczby udzielonych odpowiedzi

Procent ludzi z każdym wynikiem

Twoja historia wyników

Nie rozwiązałeś tego quizu